Loading...
| Current Events | 2 | 15.00 | 100% | 50% | 0% |
| Fine Arts - Classical Music | 3 | 13.33 | 100% | 33% | 0% |
| Fine Arts - Other | 3 | 10.00 | 100% | 0% | 0% |
| Fine Arts - Painting and Sculpture | 5 | 16.00 | 100% | 40% | 20% |
| Geography | 3 | 16.67 | 100% | 67% | 0% |
| History - American | 6 | 13.33 | 67% | 50% | 17% |
| History - European | 5 | 16.00 | 100% | 60% | 0% |
| History - Other | 7 | 12.86 | 100% | 14% | 14% |
| History - World | 3 | 13.33 | 100% | 33% | 0% |
| Literature - American | 5 | 20.00 | 100% | 40% | 60% |
| Literature - British | 3 | 16.67 | 100% | 67% | 0% |
| Literature - European | 7 | 17.14 | 100% | 43% | 29% |
| Literature - World | 4 | 20.00 | 100% | 75% | 25% |
| Mythology | 4 | 12.50 | 75% | 50% | 0% |
| Other Academic | 1 | 30.00 | 100% | 100% | 100% |
| Philosophy | 2 | 15.00 | 100% | 50% | 0% |
| Pop Culture | 1 | 30.00 | 100% | 100% | 100% |
| Religion | 5 | 14.00 | 100% | 40% | 0% |
| Science - Biology | 6 | 21.67 | 100% | 67% | 50% |
| Science - Chemistry | 3 | 20.00 | 100% | 67% | 33% |
| Science - Other | 3 | 10.00 | 100% | 0% | 0% |
| Science - Physics | 5 | 14.00 | 100% | 40% | 0% |
| Social Science | 6 | 10.00 | 83% | 17% | 0% |